| 000 | 00676nam a22001937a 4500 | ||
|---|---|---|---|
| 005 | 20100811125025.0 | ||
| 010 | _aENG-99613 | ||
| 020 | _c70.00 | ||
| 035 | _aEN-83145 | ||
| 037 | _bDBAD/PUB | ||
| 082 | _a883.08 | ||
| 100 |
_aRaja, K. _910852 |
||
| 245 |
_aR. L. Stevenson adventure romance in his salect novels / _cby K. Raja |
||
| 260 |
_aChennai _bKamaleeswaran & Co Publishers _c2007 |
||
| 270 |
_a63, Thoppai Street, Royapuram _bChennai _e13 |
||
| 300 |
_a98p. _c20cm (pbk) |
||
| 942 |
_2ddc _cEN _h883.08 _mRAJ |
||
| 999 |
_c40951 _d40951 |
||